000 00974nam a2200241 a 4500
001 13546
003 BD-JhCC
005 20240123125930.0
008 240123b2018 b a|||| ||a| 000 0 eng d
020 _a9789845982177
035 _a(BD-JhCC)13546
040 _aBD-JhCC
_dBD-JhCC
041 _aben
082 _a813.52
_bWIL 2018
100 _aওয়াইল্ডার, লবা ইঙ্গল্‌স্‌
245 _aঘাসের বনে ছোট্ট কুটির /
_c লরা ইঙ্গল্‌স্‌ ওয়াইল্ডার, অনুবাদ : আতোয়ার রহমান
260 _aঢাকা :
_bচারুলিপি প্রকাশন;
_c2018.
300 _a256 p. :
_bill;
_c24 cm.
650 _aWilder, Laura Ingalls, 1867-1957
_vFrontier and pioneer life
_xTalking books for children
_zIndians of North America
700 _aআতোয়ার রহমান
942 _2ddc
_cBK
999 _c13546
_d13546